| 000 | 00724nam a2200205 u 4500 | ||
|---|---|---|---|
| 005 | 20231128063935.0 | ||
| 008 | 140625s2000 r 000 0 eng d | ||
| 020 | _a9700512371 | ||
| 035 | _aUPN01000198334 | ||
| 049 | _aCG | ||
| 050 | 4 |
_aF1219.1 M6.4 _bG5.2 |
|
| 100 | 1 |
_aGlockner, Julio, _d1955- _935746 |
|
| 245 | 1 | 0 |
_aAsí en el cielo como en la tierra : _bpedidores de lluvia del volcán / _cJulio Glockner. |
| 260 |
_aMéxico : _bGrijalbo : _bBenemérita Universidad de Puebla, _c2000. |
||
| 300 |
_a179 p. : _bil. |
||
| 650 | 4 |
_aIndígenas de México _zMorelos _923005 |
|
| 650 | 4 |
_aIndígenas de México _xReligión y mitología _95903 |
|
| 650 | 4 |
_aRITUALES DE PETICION DE LLUVIA - _zMORELOS _920685 |
|
| 905 | _aLibro | ||
| 999 |
_c170435 _d170435 |
||